000 00354nam a2200145 i 4500
001 bg
100 1 _aEVSTIGNEEV, Vladimir A.
245 0 _aPrimenenie teorii grafov v programirovanii /
_cW.A. Evstigneev.
260 _aMoskva,
_c1985.
040 _cBPK
041 _apol
080 _a519.6
942 _cKS
008 s pl f |000 0 pol
999 _c28203
_d28203
856 _uhttp://koha.tu.koszalin.pl/cgi-bin/koha/opac-detail.pl?biblionumber=28203
_yKatalog online BPK